Truyện cổ Dao
Gồm 15 mẩu truyện cổ của dân tộc Dao
Đã lưu trong:
| Príomhúdar: | |
|---|---|
| Údair Eile: | |
| Formáid: | Leabhar |
| Teanga: | Undetermined |
| Foilsithe: |
H.
Văn học
2018
|
| Ábhair: | |
| Rochtain Ar Líne: | http://lrc.tdmu.edu.vn/opac/search/detail.asp?aID=2&ID=37498 |
| Clibeanna: |
Cuir Clib Leis
Gan Chlibeanna, Bí ar an gcéad duine leis an taifead seo a chlibeáil!
|
| Thư viện lưu trữ: | Trung tâm Học liệu Trường Đại học Thủ Dầu Một |
|---|
| LEADER | 00864nam a2200217Ia 4500 | ||
|---|---|---|---|
| 001 | TDMU_37498 | ||
| 008 | 210410s9999 xx 000 0 und d | ||
| 082 | |a 895.9228403 | ||
| 090 | |b T121 | ||
| 100 | |a Tẩn, Kim Phu | ||
| 245 | 0 | |a Truyện cổ Dao | |
| 245 | 0 | |c Tẩn Kim Phu (s.t, b.soạn) | |
| 260 | |a H. | ||
| 260 | |b Văn học | ||
| 260 | |c 2018 | ||
| 300 | |a 123 tr. | ||
| 520 | |a Gồm 15 mẩu truyện cổ của dân tộc Dao | ||
| 650 | |a Văn học dân gian |x Truyện cổ |x Dân tộc Dao |z Việt Nam; Truyện cổ |x Dân tộc Dao |z Việt Nam; Dân tộc Dao |x Văn học |x Truyện cổ | ||
| 700 | |a Hội Văn nghệ dân gian Việt Nam | ||
| 856 | |u http://lrc.tdmu.edu.vn/opac/search/detail.asp?aID=2&ID=37498 | ||
| 980 | |a Trung tâm Học liệu Trường Đại học Thủ Dầu Một | ||